Killer - Phoebe Bridgers (Lyrics) - Statistics

General Stats
  • This quiz has been taken 17 times
  • The average score is 158 of 173
Answer Stats
Answer % Correct
a
100%
And
100%
and
100%
body
100%
burned
100%
Can
100%
can
100%
do
100%
every
100%
I
100%
I'm
100%
in
100%
is
100%
I've
100%
killer
100%
Know
100%
know
100%
love
100%
me
100%
my
100%
next
100%
nothing
100%
Tame
100%
that
100%
the
100%
there
100%
there's
100%
to
100%
when
100%
When
100%
About
83%
alive
83%
all
83%
am
83%
barely
83%
blood
83%
breath
83%
But
83%
by
83%
can't
83%
chase
83%
count
83%
death
83%
even
83%
Even
83%
fire
83%
for
83%
given
83%
hair
83%
harmless
83%
head
83%
hope
83%
house
83%
hungry
83%
I'd
83%
keeps
83%
kiss
83%
losing
83%
machine
83%
mind
83%
miss
83%
myself
83%
of
83%
on
83%
playlist
83%
plug
83%
pretty
83%
pull
83%
rotten
83%
scared
83%
sick
83%
sleep
83%
Sometimes
83%
stupid
83%
sure
83%
talkin'
83%
think
83%
tired
83%
us?
83%
us
83%
waiting
83%
you
83%
you?
83%
your
83%
couch
67%
Dahmer
67%
faking
67%
left
67%
Plus
67%
something
67%
Or
50%
No matching quizzes found
Score Distribution
Percent of People with Each Score
Percentile by Number Answered
Your Score History
You have not taken this quiz